00643nam a2200157 i 450000100060000000300090000600500170001500700030003200800410003510000510007624502430012726000470037030000220041765000250043985200210046441780ES-MaACL20250902063053.0t|030311s1903 sp ||||1| spa d1 aCastellarnau, Joaquín María de,d1848-194310aEstudio del sistema leñoso de las especies forestales b: descripción micrográfica de la madera de las especies Carpinus Betulus, Linn, Corylus Anellana Linn y Alnus Glutinosa, Gèartn / cJoaquín María Castellarnau y Lleopart. aMadrid : b[s.n., c1903] (fImp. Alemana) a114 p. ; c25 cm. 4aMadera-xAnatomía. aES-MaACLjF-6448